Socio-Economic Impact of Remittances in Bangladesh / (Record no. 79566)
[ view plain ]
| 000 -LEADER | |
|---|---|
| fixed length control field | 00922nam a2200253 a 4500 |
| 001 - CONTROL NUMBER | |
| RUCL Control Number | 79566 |
| 003 - CONTROL NUMBER IDENTIFIER | |
| rucl marc code | BD-RjUL |
| 005 - DATE AND TIME OF LATEST TRANSACTION | |
| control field | 20220423125539.0 |
| 008 - FIXED-LENGTH DATA ELEMENTS--GENERAL INFORMATION | |
| fixed length control field | 220316s2003 bg a|||| m||| 00| 0 eng d |
| 035 ## - SYSTEM CONTROL NUMBER | |
| system control number | (BD-RjUL)79566 |
| 040 ## - CATALOGING SOURCE | |
| Original cataloging agency | BD-RjUL |
| Language of cataloging | eng |
| Transcribing agency | BD-RjUL |
| Modifying agency | BD-RjUL |
| 041 ## - LANGUAGE CODE | |
| Language code of Book | eng |
| 082 ## - DEWEY DECIMAL CLASSIFICATION NUMBER | |
| DDC Edition number | 23 |
| Classification number | 338.95492 |
| Author mark and Year | SAS 2003 |
| 100 ## - MAIN ENTRY--PERSONAL NAME | |
| Personal name | Salam, Mohd. Abdus |
| 9 (RLIN) | 1887 |
| 245 10 - TITLE STATEMENT | |
| Title | Socio-Economic Impact of Remittances in Bangladesh / |
| Statement of responsibility, etc | By Mohd. Abdus Salam ; |
| Name of Supervisor/Co-Supervisor | Supervisor: M. Mohsin Ali |
| 260 ## - PUBLICATION, DISTRIBUTION, ETC. (IMPRINT) | |
| Place of publication, distribution, etc | Rajshahi : |
| Name of publisher, distributor, etc | Institute of Bangladesh Studies,University of Rajshahi, |
| Date of publication, distribution, etc | 2003 |
| 300 ## - PHYSICAL DESCRIPTION | |
| Pagination | xviii, 258 leaves : |
| Other physical details | ill ; |
| Dimensions | 29 cm. |
| 502 ## - DISSERTATION NOTE | |
| Dissertation note | Thesis (Ph. D. ) -- Institute of Bangladesh Studies, University of Rajshahi, 2003 |
| 504 ## - BIBLIOGRAPHY, ETC. NOTE | |
| Bibliography, etc | Bibliography : leaves [227]-239 |
| 600 ## - SUBJECT ADDED ENTRY--PERSONAL NAME | |
| Geographic subdivision | |
| -- | 2691 |
| 650 ## - SUBJECT ADDED ENTRY--TOPICAL TERM | |
| Topical term or geographic name as entry element | Emigrant remittances |
| Geographic subdivision | Bangladesh. |
| 9 (RLIN) | 2692 |
| 700 ## - ADDED ENTRY--SUPERVISOR/CO-SUPERVISOR NAME | |
| Personal name | Ali, M. Mohsin, Supervisor |
| 9 (RLIN) | 1843 |
| 942 ## - ADDED ENTRY ELEMENTS (KOHA) | |
| Source of classification or shelving scheme | Dewey Decimal Classification |
| Koha item type | Theses |
| Source of classification or shelving scheme | Damaged status | Not for loan | Collection code | Permanent Location | Current Location | Shelving location | Date of accession | Source of acquisition | Full call number | Barcode | Date last seen | Copy number | Thesis |
|---|---|---|---|---|---|---|---|---|---|---|---|---|---|
| Dewey Decimal Classification | Not For Loan | Theses | Central Library, University of Rajshahi | Central Library, University of Rajshahi | Documentation Section | 24/04/2004 | Controller of Exam. , R.U. | THE 338.95492 SAS 2003 | D2255 | 16/03/2022 | C-1 | Theses |